| 000 | 00687nam a2200193 a 4500 | ||
|---|---|---|---|
| 001 | 000038787 | ||
| 005 | 20201002031354.0 | ||
| 008 | 130422s1999 ck 000 0 spa d | ||
| 020 | _a9580448175 | ||
| 040 |
_aDO-SdBNP _bspa _cBNPHU |
||
| 100 | 1 |
_aAlessandra, Tony _965091 |
|
| 240 | 1 | 0 |
_aCharisma _lEspañol |
| 245 | 1 | 0 |
_aCarisma : _b7 claves para desarrollar el magnetismo que lleva al éxito / _cTony Alessandra ; edición María Lucrecia Monares, traducción Helena Salazar. |
| 260 |
_aBogotá : _bNorma , _c1999. |
||
| 300 |
_a279 p. : ; _c23 cm. |
||
| 500 | _aTraducido del idioma inglés | ||
| 700 | 1 |
_aMonares, María Lucrecia _eed. _965092 |
|
| 700 | 1 |
_aSalazar, Helena _etr. _965093 |
|
| 999 |
_c38277 _d38277 |
||